00423nam a2200157Ia 4500003000400000008004100004040001600045082001700061100002300078245005700101700001900158260005100177300001000228650001100238650001600249GCL140319s9999 xx 000 0 eng d aGCL / cGCL04a502.825bS L1 aSLAYTER, ELIZABETH10aLIGHT AND ELECTRON MICROSCOPY / cSLAYTER, ELIZABETH1 aSLAYTER, HENRY a[S.N] : bCAMBRIBGE UNIVERSITY PRESS ، c1994 a312 P04aOPTICS04aMICROSCOPES